| 000 | 00436nam a2200181Ia 4500 | ||
|---|---|---|---|
| 001 | 2396 | ||
| 005 | 20260306144804.0 | ||
| 008 | 260306t2015||||xx |||||||||||||| ||spa|| | ||
| 041 | _aESP | ||
| 082 |
_a616.89 _bF347 |
||
| 100 |
_aFirst, Michael B. _eAUT |
||
| 245 | 0 |
_aDSM-5: _bmanual de diagnóstico diferencial |
|
| 260 | _c2015 | ||
| 300 |
_a322 páginas : _c25 cm. |
||
| 650 | _aGEN | ||
| 654 | _aCPS | ||
| 942 |
_cLIB _dJUS _fJUS _2ddc _n |
||
| 999 |
_c2396 _d2396 |
||